Risk Management in Fresh Food Supply Chain at Metro Cash & Carry (Record no. 527445)

000 -LEADER
fixed length control field 00525nam a22001817a 4500
003 - CONTROL NUMBER IDENTIFIER
control field NUST
005 - DATE AND TIME OF LATEST TRANSACTION
control field 20230404095516.0
008 - FIXED-LENGTH DATA ELEMENTS--GENERAL INFORMATION
fixed length control field 190727b ||||| |||| 00| 0 eng d
015 ## - NATIONAL BIBLIOGRAPHY NUMBER
Qualifying information Hard Cover.
020 ## - INTERNATIONAL STANDARD BOOK NUMBER
Qualifying information Hard Cover.
038 ## - RECORD CONTENT LICENSOR
Staff Name Mr. Zahoor
082 ## - DEWEY DECIMAL CLASSIFICATION NUMBER
Classification number 658
100 ## - MAIN ENTRY--PERSONAL NAME
Personal name Tahir, Muhammad Armoghan
9 (RLIN) 18717
245 ## - TITLE STATEMENT
Title Risk Management in Fresh Food Supply Chain at Metro Cash & Carry
Statement of responsibility, etc. Muhammad Armoghan Tahir.
260 ## - PUBLICATION, DISTRIBUTION, ETC.
Place of publication, distribution, etc. Islamabad:
Name of publisher, distributor, etc. NBS - NUST,
Date of publication, distribution, etc. 2012.
300 ## - PHYSICAL DESCRIPTION
Extent 65 p. : ill. ;
Dimensions 30cm.
942 ## - ADDED ENTRY ELEMENTS (KOHA)
Source of classification or shelving scheme
Koha item type Thesis
Holdings
Withdrawn status Lost status Source of classification or shelving scheme Damaged status Not for loan Permanent Location Current Location Shelving location Date acquired Full call number Barcode Date last seen Price effective from Koha item type
          Central Library (CL) Central Library (CL) Thesis 07/27/2019 658 CL-T-2848 08/08/2019 07/27/2019 Thesis
© 2023 Central Library, National University of Sciences and Technology. All Rights Reserved.